Normal view
MARC view
Entry Personal Name
001 - CONTROL NUMBER
- control field: 9919
003 - CONTROL NUMBER IDENTIFIER
- control field: OSt
005 - DATE AND TIME OF LATEST TRANSACTION
- control field: 20190906052620.0
008 - FIXED-LENGTH DATA ELEMENTS
- fixed length control field: 190906|| aca||aabn | a|a d
040 ## - CATALOGING SOURCE
- Original cataloging agency: OSt
- Transcribing agency: OSt
100 ## - HEADING--PERSONAL NAME
- Personal name: Cantu, Francisco
670 ## - SOURCE DATA FOUND
- Source citation: Work cat.: (OSt): Fernandes, Jorge M. 9916, The politics of Committee chairs assignment in Ireland and Spain, 2019
